000 00511nam a2200181Ia 4500
005 20250508153157.0
008 008 250505s9999 xx 000 0 eng d
037 _aTextual
040 _aFEDL
_beng
_cFEDL
041 _aeng
_2eng
084 _a327.54051, JOH
_qFEDL
100 _aJohri Sita Ram
_9135918
245 0 _aIndia accepts china's challenge
260 _aLucknow, India
_bHimalaya Publications
300 _a326p.
942 _cTEXL
_h327.54051, JOH
999 _c1341057
_d1341057